Quizzes
Events
Quiz Creation
Community
Videos
Private Events
Remove Ads
Sign In
Join for FREE
Feedback
Dark Mode
Quiz Categories
Sports
Geography
Music
Movies
Television
Just For Fun
Miscellaneous
History
Literature
Language
Science
Gaming
Entertainment
Religion
Holiday
For Kids
Quiz Lab
Recent
Popular Today
Quiz Kudos Today
Editor Picks
Curator Picks
Quizzes by...
Day
Popularity
Type
Ratings
Length
Year
Community
Subscriptions
Recent Discussions
Orange Saloon
Badges
Playlists
Quests
Create
Leaderboards
Showdown
Live 5
Trivia Bingo
Activity
Puzzle Library
Sporcle Events
Private Events
Virtual Trivia
Globe League
Become a Host
Pub Owners
SporcleCon
Opinionation
Our Games
Videos
Blog
Mobile Apps
Partnerships
Remove Ads and Go Orange
Feedback
Television
TV Characters
TV Show
Sitcom
Network
Friends
Reality Shows
Cast
South Park
Star Trek
The Simpsons
Doctor Who
Television
TV Characters
TV Show
Sitcom
Network
Friends
Reality Shows
Cast
South Park
Star Trek
The Simpsons
Doctor Who
Random Quiz
Search Sporcle
×
Quiz Lab
Quiz Lab
Television
Cartoons
Type in answers that appear in a list
Type in answers that appear in a list
Classic
Best Score? Go Orange.
Simpsons Last Names Stats
Can you name the Simpsons Characters' Last Names?
By
simpsonsteacher
10m
40 Questions
121 Plays
121 Plays
121 Plays
Comments
Comments
Give Quiz Kudos
Give Quiz Kudos
-
- Ratings
hide this ad
More Info
Replay
Link that replays current quiz
Next Quiz
Link to next quiz in quiz playlist
You Got
0%
They Got
Avg Score
70%
Avg Friend Score
Upgrade to see
Score Distribution
Jump to the score distribution portion of the page
Score
0/40
Timer
10:00
0
Plays Today
First Name
Last Name
% Correct
Bart or Lisa
Simpson
99.2%
Ned
Flanders
94.2%
Patty or Selma
Bouvier
86.8%
Principal Seymour
Skinner
86.8%
Clancy or Ralph
Wiggum
86.8%
Montgomery
Burns
85.1%
Waylon
Smithers
85.1%
Kent
Brockman
83.5%
Milhouse
Van Houten
82.6%
Reverend Timothy
Lovejoy
81.8%
Carl
Carlson
80.2%
Rainier
Wolfcastle
80.2%
Dr. Julius
Hibbert
79.3%
Barney
Gumble
78.5%
Troy
McClure
77.7%
Jebidiah
Springfield
76.9%
Martin
Prince
76.9%
Dr. Nick
Riviera
76%
Nelson
Muntz
76%
Jimbo
Jones
75.2%
First Name
Last Name
% Correct
Lionel
Hutz
75.2%
Professor John
Frink
74.4%
Mrs. Edna
Krabappel
74.4%
Superintendent Gary
Chalmers
73.6%
Lenny
Leonard
71.9%
'Diamond Joe'
Quimby
71.1%
Hans
Moleman
69.4%
Drederick
Tatum
65.3%
Otto
Mann
63.6%
Dr. Marvin
Monroe
57.9%
Moe
Szyslak
56.2%
Mrs. Elizabeth
Hoover
56.2%
Krusty 'the Clown'
Krustofski
51.2%
Cookie
Kwan
51.2%
Apu
Nahasapeemapetilon
50.4%
Arnie
Pye
49.6%
Cletus
Spuckler
47.1%
Gil
Gunderson
40.5%
Captain Horatio
McCallister
33.1%
Judge Roy
Snyder
30.6%
Quiz Playlist
Details
Report
Send in Message
Add To Playlist
More Info:
Given the first name(s) of characters from the Simpsons, can you provide the last name(s)?
Classic:
Type in answers that appear in a list
Quiz Source
Last Updated: Feb 16, 2017
Quiz Scoreboard
CHALLENGE
Sign Up to Join the Scoreboard
Show All
Scores
Hide
Comments
May contain spoilers
Recently Published
Alphabetical 'K' Countries by Flag Minefield
by ylime102
Geography
3m
Pick 6: Fruits
by JohnFran
Miscellaneous
15s
Click the 1999 NBA Draft
by nibperrychub
Sports
2m
More to Explore
Quiz From the Vault
Featured Blog Post
15 Basketball Trivia Facts You Can Be March Mad About
hide this ad
You Might Also Like...
Tags
Cartoons Quiz
TV Show Quiz
Cartoon Characters
Fox Animation
Simpson Characters
Today's Top Quizzes in Television
Browse Television
hide this ad
Today's Top Quizzes in Cartoons
Browse Cartoons
Top Contributed Quizzes in Television
1
Hidden Simpsons Character
2
First Name TV: Leading Men
3
Hidden Simpsons Character XXIV
4
First Name TV: Leading Women Drama
5
Hidden Simpsons Character XXV
6
Pick A Pair: Religious TV
7
Hidden Simpsons Character XXVI
8
One Piece Logic Puzzle
9
Demon Slayer Impossible Quiz
10
Hidden Simpsons Character II
Explore More
Trending Topics
Anime
Kpop
Crossword
Disney
NBA
Harry Potter
Marvel
Soccer
WWE
The Office
Puzzle
Song
Country
Pokémon
NFL
hide this ad
More By:
simpsonsteacher
Quiz
Plays
Rating
Category
Featured
Created
Simpsons Last Names
121
4.00
Television
Jun 16, 2012
Go to Creator's Profile
Score Distribution
Quiz Creator Spotlight
simpsonsteacher
Follow
Send a Message
Quizzes Created
-
Created Quiz Play Count
-
More By This Creator
Popular Quizzes Today
1
Find the US States - No Outlines Minefield
2
Countries of Asia Without Outlines Minefield
3
Pick 6: Fruits
4
Alphabetical 'K' Countries by Flag Minefield
5
The Countries of the World
6
Find the US States
7
Match the Book to the Film X
8
Click the 1999 NBA Draft
More Television Quizzes
Television Firsts (U.S.)
Quiz Lab
Trending Quizzes
Pick 6: Mountains
Pick 6: Harry Potter
Pick 6: NFL Teams
Pick 6: Movie Franchises
Pick 6: Golfers
Recently Updated
NWSL Teams
pecheneg
Women's Final Four Teams by Year
bhenderson79
Presidents Quartet II
eogle
Anything But Clue(do)
eogle
Anything But Oceanian Capitals
eogle
Anything But 7
eogle
Anything But Thing
eogle
Word Ladder: February 29
pecheneg
Song Title Questions
pecheneg
Women's NCAA Tournament #1 Seeds
pecheneg
Trending Topics
Disney
Kpop
Marvel
NBA
Harry Potter
Crossword
Anime
Country
NFL
The Office
WWE
Soccer
Song
Pokémon
Puzzle
Your Account Isn't Verified!
In order to create a playlist on Sporcle, you need to verify the email address you used during registration. Go to your
Sporcle Settings
to finish the process.
Report this User
Report this user for behavior that violates our
Community Guidelines
.
Details:
Send Report
Go to the Sporcle.com Mobile Site →
Comments